000 00581nam a2200205Ia 4500
001 a1121-25723 [4739]
003 IT-MiCISF
008 161014s9999||||xx |||||||||||||| ||und||
040 _aIT-MiCISF
_cIT-MiCISF
041 _ait
100 _aGiordani Igino
245 0 _aLa famiglia
_bRicordi pensieri da scritti, lettere, discorsi
250 _a1a ed.
260 _a Roma
_bCittà Nuova
_c1994
300 _app. 100
500 _a / famiglia, valori, bibbia, fede, spiritualità-familiare /
650 _apastorale-familiare
942 _cBK
957 _71
999 _a25723
_bsi
_g1
_c218149
_d218149